00570nam a22001937i 45000010005000000030004000050050017000090070003000260080041000290240014000700240020000840400008001042450098001122600012002104900098002226510011003201100031003318660014003627617OSt20170126082402.0tu161220s xxu||||| |||| 00| 0 d7 a76172RID7 a76172RSN (alt) cOSt00aStatistical Yearbook of Industry (of the Republic of Poland) (Rocznik Statystyczny Przemyslu) aWarsaw. aStatistical Yearbook of Industry (of the Republic of Poland) (Rocznik Statystyczny Przemyslu) aPoland2 aCentral Statistical Office 0u1996-2009